Catalog

Record Details

Catalog Search



White bird / written and illustrated by R.J. ... Read More

Palacio, R. J,(author,, artist.).
Czap, Kevin,(inker.).

Available copies

  • 2 of 2 copies available at LARL/NWRL Consortium. (Show)
  • 1 of 1 copy available at Northwest Regional Library.

Current holds

0 current holds with 2 total copies.

Show Only Available Copies
Location Call Number / Copy Notes Barcode Shelving Location Status Due Date
Thief River Falls Public Library j G PAL (Text) 35500006919409 Main Available -

Record details

  • ISBN: 9780593487785
  • ISBN: 9780593566930
  • ISBN: 9780525645535
  • ISBN: 0525645535
  • ISBN: 9780525645542
  • ISBN: 0525645543
  • ISBN: 9780241399705
  • ISBN: 024139970X
  • Physical Description: 220 pages : color illustrations ; 26 cm
  • Edition: First edition.
  • Publisher: New York : Alfred A. Knopf, [2019]

Content descriptions

General Note:
"A Wonder story."
Chiefly illustrations.
Summary, etc.:
Tells the story of Julian's Grandmère's childhood ... Read More
Subject: Grandmothers > Juvenile fiction.
Jews > Juvenile fiction.
Survival > Juvenile fiction.
France > History > German occupation, 1940-1945 > Juvenile fiction.
Graphic novels.
Grandmothers > Fiction.
Jews > Fiction.
Survival > Fiction.
France > History > German occupation, 1940-1945 > Fiction.
Graphic novels.
Historical fiction (Children's / Teenage)
Personal & social issues: disability & special needs (Children's / Teenage)
Romance & relationships stories (Children's / Teenage)
Comic strip fiction / graphic novels (Children's / Teenage)
Social issues: war & conflict issues (Children's / Teenage)
JUVENILE FICTION / Social Themes / Bullying.
JUVENILE FICTION / Comics & Graphic Novels / General.
German Occupation of France (1940-1945)
Grandmothers.
Graphic novels.
Jews.
Survival.
France.
Genre: Graphic novels.
Fiction.
Graphic novels.
History.
Juvenile works.
Children's stories > Comic books, strips, etc.
Graphic novels.
LDR 03666cam a2200865Mi 4500
001323887
003LARL_NWRL_CONSORTIUM
00520191108213417.0
008190805s2019 nyua j 6 000 1 eng d
006m d
007cr |||||||||||
020 . ‡a9780593487785
020 . ‡a9780593566930
040 . ‡aLNC ‡beng ‡erda ‡cLNC ‡dWL8 ‡dOCLCO ‡dUKMGB ‡dDV1 ‡dOCLCF
015 . ‡aGBB9D6637 ‡2bnb
0167 . ‡a019497448 ‡2Uk
019 . ‡a1120785088 ‡a1120836198 ‡a1120897274 ‡a1120927863 ‡a1121427137 ‡a1121432402 ‡a1121440696
020 . ‡a9780525645535
020 . ‡a0525645535
020 . ‡a9780525645542 ‡qlib. bdg
020 . ‡a0525645543
020 . ‡a9780241399705 ‡q(ePub ebook)
020 . ‡a024139970X
020 . ‡z9780241397244 (hbk.)
035 . ‡a(OCoLC)1119730172 ‡z(OCoLC)1120785088 ‡z(OCoLC)1120836198 ‡z(OCoLC)1120897274 ‡z(OCoLC)1120927863 ‡z(OCoLC)1121427137 ‡z(OCoLC)1121432402 ‡z(OCoLC)1121440696 ‡z(OCoLC)1120900902
037 . ‡aPenguinGroup467586 ‡bIngram Content Group
043 . ‡ae-fr---
08204. ‡a741.5/973 ‡223
1001 . ‡aPalacio, R. J, ‡eauthor, ‡eartist. ‡0(LARL_NWRL_CONSORTIUM)222617
24510. ‡aWhite bird / ‡cwritten and illustrated by R.J. Palacio ; inked by Kevin Czap.
250 . ‡aFirst edition.
264 1. ‡aNew York : ‡bAlfred A. Knopf, ‡c[2019]
300 . ‡a220 pages : ‡bcolor illustrations ; ‡c26 cm
336 . ‡atext ‡2rdacontent
336 . ‡astill image ‡2rdacontent
337 . ‡aunmediated ‡2rdamedia
338 . ‡avolume ‡2rdacarrier
500 . ‡a"A Wonder story."
500 . ‡aChiefly illustrations.
520 . ‡aTells the story of Julian's Grandmère's childhood as she, a Jewish girl, was hidden by a family in a Nazi-occupied French village during World War II and how the boy she once shunned became her savior and best friend.
650 0. ‡aGrandmothers ‡vJuvenile fiction. ‡0(LARL_NWRL_CONSORTIUM)165524
650 0. ‡aJews ‡vJuvenile fiction. ‡0(LARL_NWRL_CONSORTIUM)169765
650 0. ‡aSurvival ‡vJuvenile fiction.
651 0. ‡aFrance ‡xHistory ‡yGerman occupation, 1940-1945 ‡vJuvenile fiction.
650 0. ‡aGraphic novels. ‡0(LARL_NWRL_CONSORTIUM)40036
650 1. ‡aGrandmothers ‡vFiction. ‡0(LARL_NWRL_CONSORTIUM)165417
650 1. ‡aJews ‡vFiction. ‡0(LARL_NWRL_CONSORTIUM)165771
650 1. ‡aSurvival ‡vFiction.
651 1. ‡aFrance ‡xHistory ‡yGerman occupation, 1940-1945 ‡vFiction. ‡0(LARL_NWRL_CONSORTIUM)164971
650 1. ‡aGraphic novels. ‡0(LARL_NWRL_CONSORTIUM)40036
650 7. ‡aHistorical fiction (Children's / Teenage) ‡2bicssc
650 7. ‡aPersonal & social issues: disability & special needs (Children's / Teenage) ‡2bicssc
650 7. ‡aRomance & relationships stories (Children's / Teenage) ‡2bicssc
650 7. ‡aComic strip fiction / graphic novels (Children's / Teenage) ‡2bicssc
650 7. ‡aSocial issues: war & conflict issues (Children's / Teenage) ‡2bicssc
650 7. ‡aJUVENILE FICTION / Social Themes / Bullying. ‡2bisacsh
650 7. ‡aJUVENILE FICTION / Comics & Graphic Novels / General. ‡2bisacsh
61127. ‡aGerman Occupation of France (1940-1945) ‡2fast
650 7. ‡aGrandmothers. ‡2fast ‡0(LARL_NWRL_CONSORTIUM)21449
650 7. ‡aGraphic novels. ‡2fast ‡0(LARL_NWRL_CONSORTIUM)40036
650 7. ‡aJews. ‡2fast ‡0(LARL_NWRL_CONSORTIUM)23801
650 7. ‡aSurvival. ‡2fast ‡0(LARL_NWRL_CONSORTIUM)176193
651 7. ‡aFrance. ‡2fast ‡0(LARL_NWRL_CONSORTIUM)178254
648 7. ‡a1940-1945 ‡2fast
655 4. ‡aGraphic novels.
655 7. ‡aFiction. ‡2fast
655 7. ‡aGraphic novels. ‡2fast
655 7. ‡aHistory. ‡2fast
655 7. ‡aJuvenile works. ‡2fast
655 7. ‡aChildren's stories ‡vComic books, strips, etc. ‡2gsafd
655 7. ‡aGraphic novels. ‡2lcgft
7001 . ‡aCzap, Kevin, ‡einker.
77608. ‡iPrint version : ‡z9780241397244
901 . ‡a323887 ‡bOCoLC ‡c323887 ‡tbiblio ‡soclc

Additional Resources